|
|
|
|
| LEADER |
00000naa2a2200000 4500 |
| 001 |
431525 |
| 005 |
20231101075406.0 |
| 035 |
|
|
|a (RuTPU)RU\TPU\prd\91655
|
| 035 |
|
|
|a RU\TPU\prd\18579
|
| 090 |
|
|
|a 431525
|
| 100 |
|
|
|a 20101201a2003 k y0rusy50 ca
|
| 101 |
0 |
|
|a rus
|
| 102 |
|
|
|a RU
|
| 200 |
1 |
|
|a Многопараметрическое сеиейство коллапсирующих решений критического нелинейного уравнения Шредингера в размерности D=2
|f Ю. Н. Овчинников, И. М. Сигал
|
| 225 |
1 |
|
|a Нелинейная физика
|
| 320 |
|
|
|a Библиогр.: 21 назв.
|
| 461 |
|
1 |
|0 (RuTPU)RU\TPU\prd\1443
|x 0044-4510
|t Журнал экспериментальной и теоретической физики
|l ЖЭТФ
|f Российская академия наук (РАН) ; Отделение физических наук РАН
|d 1931-
|
| 463 |
|
1 |
|0 (RuTPU)RU\TPU\prd\91638
|t Т. 124, вып. 1
|v с. 214-223
|d 2003
|
| 610 |
1 |
|
|a нелинейные уравнения Шредингера
|
| 610 |
1 |
|
|a коллапс
|
| 610 |
1 |
|
|a процессы туннелирования
|
| 610 |
1 |
|
|a решения
|
| 610 |
1 |
|
|a сепаратриса
|
| 700 |
|
1 |
|a Овчинников
|b Ю. Н.
|
| 701 |
|
1 |
|a Сигал
|b И. М.
|
| 801 |
|
1 |
|a RU
|b 63413507
|c 20031017
|g PSBO
|
| 801 |
|
2 |
|a RU
|b 63413507
|c 20151211
|g RCR
|
| 942 |
|
|
|c BK
|